000 00328nam a2200157Ia 4500
003 0STCL
008 150530s9999 xx 000 0 und d
040 _aSTCL
_cSTCL
100 _aTagore
245 _aMy boyhood days
260 _c1943
546 _aEnglish
942 _2ddc
_cBK
999 _c44351
_d44351
005 20220125170630.0